Pahari Zaban / (Record no. 617184)

000 -LEADER
fixed length control field 00381nam a22001457a 4500
082 ## - DEWEY DECIMAL CLASSIFICATION NUMBER
Classification number 491.550
Author Mark SAT
100 ## - MAIN ENTRY--PERSONAL NAME
Personal name Satti, Muhammad Sabeer
245 ## - TITLE STATEMENT
Title Pahari Zaban /
Statement of responsibility, etc. Muhammad Sabeer Satti
260 ## - PUBLICATION, DISTRIBUTION, ETC.
Place of publication, distribution, etc. Rawalpindi:
Name of publisher, distributor, etc. Awaz publications;
Date of publication, distribution, etc. 2025.
300 ## - PHYSICAL DESCRIPTION
Extent 144p.
563 ## - BINDING INFORMATION
Binding note HB
650 ## - SUBJECT ADDED ENTRY--TOPICAL TERM
Topical term or geographic name entry element Pahari language
650 ## - SUBJECT ADDED ENTRY--TOPICAL TERM
Topical term or geographic name entry element Linguistics
942 ## - ADDED ENTRY ELEMENTS (KOHA)
Source of classification or shelving scheme
Koha item type Book
650 ## - SUBJECT ADDED ENTRY--TOPICAL TERM
-- 134213
650 ## - SUBJECT ADDED ENTRY--TOPICAL TERM
-- 306
Holdings
Withdrawn status Lost status Source of classification or shelving scheme Materials specified (bound volume or other part) Damaged status Not for loan Permanent Location Current Location Shelving location Date acquired Source of acquisition Total Checkouts Full call number Barcode Date last seen Price effective from Koha item type
      Donated by Author     Central Library (CL) Central Library (CL) Linguistics 04/18/2026 Donated by Author   491.550 SAT CL-D-3362 04/18/2026 04/18/2026 Book
      Donated by Author     Central Library (CL) Central Library (CL)   04/18/2026 Donated by Author   491.550 SAT CL-D-3361 04/18/2026 04/18/2026 Book
      Donated by Author     Central Library (CL) Central Library (CL) Linguistics 04/18/2026 Donated by Author   491.550 SAT CL-D-3360 04/18/2026 04/18/2026 Book
© 2023 Central Library, National University of Sciences and Technology. All Rights Reserved.